| 000 | 01190nam a2200337 i 4500 | ||
|---|---|---|---|
| 005 | 20220317002030.0 | ||
| 007 | ta | ||
| 008 | 201111s2016 ck er 000 fdspa d | ||
| 020 | _a9789588926247 | ||
| 040 |
_aCO-BoRNBP _bspa _erda _cCO-BoRNBP |
||
| 084 | _aN PEL2 | ||
| 100 | 1 |
_aPeláez Q., Gloria Inés _d1956- _eautora |
|
| 245 | 1 | 0 |
_aEra mucho el miedo _bnovela _cGloría Inés Peláez Q. |
| 264 | 1 |
_aBogotá _bEdiciones Desde abajo _c2016 |
|
| 300 |
_a246 páginas _c21 cm |
||
| 336 |
_2rdacontent _atexto _btxt |
||
| 337 |
_2rdamedia _asin mediación _bn |
||
| 338 |
_2rdacarrier _avolumen _bnc |
||
| 490 | 0 | _aRíos de letras | |
| 521 | _aRecomendado para público adulto | ||
| 545 | _aIncluye datos biográficos de la autora en la solapa | ||
| 650 | 1 | 7 |
_2LEMB _aNovela colombiana _ySiglo XX |
| 650 | 1 | 7 |
_2LEMB _aLiteratura colombiana _ySiglo XX |
| 650 | 1 | 7 |
_2LEMB _aAutores colombianos _ySiglo XX |
| 650 | 1 | 7 |
_2LEMB _aViolencia contra la mujer _vNovela |
| 650 | 1 | 7 |
_2LEMB _aViolencia conyugal _vNovela |
| 650 | 1 | 7 |
_2LEMB _aMadres e hijas _vNovela |
| 650 | 1 | 7 |
_2LEMB _aAuto realización (Psicología) _vNovela |
| 651 | 4 |
_aArmero (Tolima, Colombia) _vNovela _9155884 |
|
| 942 |
_2loc _cBKLIT |
||
| 999 |
_c8962 _d8962 |
||